<?xml version="1.0" encoding="UTF-8"?>
<record
    xmlns:xsi="http://www.w3.org/2001/XMLSchema-instance"
    xsi:schemaLocation="http://www.loc.gov/MARC21/slim http://www.loc.gov/standards/marcxml/schema/MARC21slim.xsd"
    xmlns="http://www.loc.gov/MARC21/slim">

  <leader>00854cam a22002411i 4500</leader>
  <controlfield tag="003">SA-RiAUC</controlfield>
  <controlfield tag="005">20250715060031.0</controlfield>
  <controlfield tag="008">250714s1984    su     g      000 0 ara c</controlfield>
  <datafield tag="040" ind1=" " ind2=" ">
    <subfield code="a">SA-EnSBSSC</subfield>
    <subfield code="b">ara</subfield>
    <subfield code="c">SA-RiAUC</subfield>
    <subfield code="e">rda</subfield>
  </datafield>
  <datafield tag="082" ind1="0" ind2="4">
    <subfield code="a">398.809531</subfield>
    <subfield code="q">SA-RiAUC</subfield>
  </datafield>
  <datafield tag="090" ind1=" " ind2=" ">
    <subfield code="a">398.809531 </subfield>
    <subfield code="b">&#x646; &#x635; &#x64A;</subfield>
  </datafield>
  <datafield tag="100" ind1="1" ind2=" ">
    <subfield code="a">&#x646;&#x635;&#x64A;&#x641;&#x60C; &#x62D;&#x633;&#x646; &#x64A;&#x648;&#x633;&#x641;&#x60C;</subfield>
    <subfield code="d">1340-1428 &#x647;&#x62C;&#x631;&#x64A;</subfield>
    <subfield code="e">&#x645;&#x624;&#x644;&#x641;.</subfield>
  </datafield>
  <datafield tag="245" ind1="1" ind2="0">
    <subfield code="a">&#x628;&#x633;&#x645;&#x627;&#x62A; /</subfield>
    <subfield code="c">&#x62D;&#x633;&#x646; &#x646;&#x635;&#x64A;&#x641;.</subfield>
  </datafield>
  <datafield tag="250" ind1=" " ind2=" ">
    <subfield code="a">&#x627;&#x644;&#x637;&#x628;&#x639;&#x629; &#x627;&#x644;&#x623;&#x648;&#x644;&#x649;.</subfield>
  </datafield>
  <datafield tag="264" ind1=" " ind2="1">
    <subfield code="a">&#x62C;&#x62F;&#x629;&#x60C; &#x627;&#x644;&#x633;&#x639;&#x648;&#x62F;&#x64A;&#x629; :</subfield>
    <subfield code="b">&#x62A;&#x647;&#x627;&#x645;&#x629;&#x60C;</subfield>
    <subfield code="c">1984</subfield>
  </datafield>
  <datafield tag="300" ind1=" " ind2=" ">
    <subfield code="a">101 &#x635;&#x641;&#x62D;&#x629; &#x61B;</subfield>
    <subfield code="c">24 &#x633;&#x645;</subfield>
  </datafield>
  <datafield tag="336" ind1=" " ind2=" ">
    <subfield code="a">&#x646;&#x635;</subfield>
    <subfield code="b">txt</subfield>
    <subfield code="2">rdacontent</subfield>
    <subfield code="3">&#x643;&#x62A;&#x627;&#x628;</subfield>
  </datafield>
  <datafield tag="337" ind1=" " ind2=" ">
    <subfield code="a">&#x628;&#x62F;&#x648;&#x646; &#x648;&#x633;&#x64A;&#x637;</subfield>
    <subfield code="b">n</subfield>
    <subfield code="2">rdamedia</subfield>
  </datafield>
  <datafield tag="338" ind1=" " ind2=" ">
    <subfield code="a">&#x645;&#x62C;&#x644;&#x62F;</subfield>
    <subfield code="b">nc</subfield>
    <subfield code="2">rdacarrier</subfield>
  </datafield>
  <datafield tag="650" ind1=" " ind2="7">
    <subfield code="a">&#x627;&#x644;&#x634;&#x639;&#x631; &#x627;&#x644;&#x639;&#x631;&#x628;&#x64A;</subfield>
    <subfield code="z">&#x627;&#x644;&#x633;&#x639;&#x648;&#x62F;&#x64A;&#x629;</subfield>
    <subfield code="y">&#x642;&#x631;&#x646; 14 &#x647;&#x62C;&#x631;&#x64A;.</subfield>
    <subfield code="2">aucsh</subfield>
  </datafield>
  <datafield tag="942" ind1=" " ind2=" ">
    <subfield code="2">ddc</subfield>
    <subfield code="c">BOOK</subfield>
    <subfield code="n">0</subfield>
  </datafield>
  <datafield tag="949" ind1=" " ind2=" ">
    <subfield code="a">SA-JeALM</subfield>
    <subfield code="d">250714</subfield>
    <subfield code="u">mohamedma123</subfield>
    <subfield code="n">1</subfield>
  </datafield>
  <datafield tag="952" ind1=" " ind2=" ">
    <subfield code="0">0</subfield>
    <subfield code="1">0</subfield>
    <subfield code="2">ddc</subfield>
    <subfield code="4">0</subfield>
    <subfield code="7">0</subfield>
    <subfield code="a">WAHAB</subfield>
    <subfield code="b">WAHAB</subfield>
    <subfield code="d">2025-07-15</subfield>
    <subfield code="l">0</subfield>
    <subfield code="o">398.809531  &#x646; &#x635; &#x64A;</subfield>
    <subfield code="p">000015792</subfield>
    <subfield code="r">2025-07-15 06:01:04</subfield>
    <subfield code="w">2025-07-15</subfield>
    <subfield code="y">BOOK</subfield>
  </datafield>
  <datafield tag="999" ind1=" " ind2=" ">
    <subfield code="c">9920</subfield>
    <subfield code="d">9920</subfield>
  </datafield>
</record>
